Výskum prúdenia podzemnej vody v povodňových situáciách

Salvato in:
Dettagli Bibliografici
Autore principale: Červeňanská, Michaela (Autore)
Altri autori: Baroková, Dana (Relatore della tesi)
Natura: Manoscritto Libro
Lingua:slovacco
Pubblicazione: 2020
Soggetti:
Accesso online:http://is.stuba.sk/zp/portal_zp.pl?podrobnosti=133935
Tags: Aggiungi Tag
Nessun Tag, puoi essere il primo ad aggiungerne!!

MARC

LEADER 00000ntm a22000003a 4500
001 stuzp60193
003 SK-STU
005 20200829210422.2
007 ta
008 150427s2015----xo-----f-mn---000-0-slo-d
040 |a STU  |b slo 
041 0 |a slo 
100 1 |a Červeňanská, Michaela  |u 010170  |k Z3  |4 aut  |U SvF Stavebná fakulta  |T SvF Katedra hydrotechniky  |X 7292  |U V170  |Y 17  |7 A000007292 
242 0 1 |a Research of groundwater flow during flood situations  |y eng 
245 1 0 |a Výskum prúdenia podzemnej vody v povodňových situáciách 
260 |c 2020 
650 4 |a podzemná voda  |2 slo 
650 4 |a MODFLOW  |2 slo 
650 4 |a Žitný ostrov  |2 slo 
650 4 |a groundwater  |2 eng 
650 4 |a MODLFOW  |2 eng 
650 4 |a Rye Island  |2 eng 
700 1 |a Baroková, Dana  |u 010170  |k Z1  |4 ths  |U SvF Stavebná fakulta  |T SvF Katedra hydrotechniky  |X 2742  |U V170  |Y 17  |7 A000002742 
856 4 |u http://is.stuba.sk/zp/portal_zp.pl?podrobnosti=133935